La integración de la educación superior centroamericana en la década de los 60 (un examen del plan de integración regional de la educación superior en Centroamérica-PIRESC)
Zapisane w:
| Korporacja: | |
|---|---|
| Format: | Texto |
| Wydane: |
s.l.
|
| Etykiety: |
Dodaj etykietę
Nie ma etykietki, Dołącz pierwszą etykiete!
|
MARC
| LEADER | 00000 a a2200000 04500 | ||
|---|---|---|---|
| 001 | 26637 | ||
| 003 | |||
| 040 | |a CRAI/IIS |c CRAI/IIS | ||
| 090 | |a 149200 | ||
| 110 | |a CSUCA | ||
| 245 | |a La integración de la educación superior centroamericana en la década de los 60 (un examen del plan de integración regional de la educación superior en Centroamérica-PIRESC) | ||
| 260 | |a s.l. | ||
| 300 | |a p. irreg. | ||
| 999 | |c 4489 |d 4489 | ||
